Normal view
MARC view
- Alley, William M
Entry Personal Name
001 - CONTROL NUMBER
- control field: 44051
003 - CONTROL NUMBER IDENTIFIER
- control field: NUST
005 - DATE AND TIME OF LATEST TRANSACTION
- control field: 20210314132849.0
008 - FIXED-LENGTH DATA ELEMENTS
- fixed length control field: 210314|| aca||aabn | a|a d
040 ## - CATALOGING SOURCE
- Original cataloging agency: NUST
- Transcribing agency: NUST
100 ## - HEADING--PERSONAL NAME
- Personal name: Alley, William M
670 ## - SOURCE DATA FOUND
- Source citation: Work cat.: (NUST): Alley, William M., Guide for collection, analysis, and use of urban stormwater data :, c1977.
